000 00589nam a2200193 i 4500
001 27787
003 ES-MaACL
005 20251015063046.0
007 t|
008 030115s1913 fr ||||1| fre d
080 _a012=11"16" (Colon)
100 1 _aBabelon, Jean,
_d1889-1978
_924413
245 1 3 _aLa Bibliotheque Française de Fernand Colom /
_cJean Babelon.
260 _a[S.l. :
_bs.a.,
_c1913] (
_eAbbeville :
_fF. Paillart)
300 _aXLIII, 340 p. ;
_c25 cm.
600 1 4 _aColón, Fernando,
_d1488-1539
_939874
852 _aES-MaACL
_jD-4041
999 _c27787
_d27787